000
00290nam a22001217a 4500
999
_c
152806
_d
152806
082
_a
_b
100
_a
Montgomery Martin
245
_a
Indian historical researches (v.28)/
_c
by Montgomery Martin.
260
_a
New Delhi:
_b
Cosmo,
_c
1838.
300
_a
1019p.
650
_a
942
_c
BK